Études de droit privé espagnol (Record no. 91247)

MARC details
000 -LEADER
campo de control de longitud fija 00752nam a2200205 i 4500
001 - NÚMERO DE CONTROL
campo de control 91247
003 - IDENTIFICADOR DE NÚMERO DE CONTROL
campo de control ES-MaACL
005 - FECHA Y HORA DE LA ÚLTIMA TRANSACCIÓN
campo de control 20250809023654.0
007 - CAMPO FIJO DE DESCRIPCIÓN FÍSICA--INFORMACIÓN GENERAL
campo de control de longitud fija t|
008 - DATOS DE LONGITUD FIJA--INFORMACIÓN GENERAL
campo de control de longitud fija 050128s1931 fr ||||1| fre d
100 1# - ENTRADA PRINCIPAL--NOMBRE DE PERSONA
Nombre de persona Le Pelley, Anne Marie.
9 (RLIN) 70908
245 10 - MENCIÓN DEL TÍTULO
Título Études de droit privé espagnol
Resto del título : V : La notion de tiers dans la loi hypothecaire espagnole /
Mención de responsabilidad, etc. par Anne Marie Le Pelley.
260 ## - PUBLICACIÓN, DISTRIBUCIÓN, ETC.
Lugar de publicación, distribución, etc. Paris :
Nombre del editor, distribuidor, etc. Edmond Duchemin,
Fecha de publicación, distribución, etc. 1931.
300 ## - DESCRIPCIÓN FÍSICA
Extensión 260 p. ;
Dimensiones 25 cm.
490 1# - MENCIÓN DE SERIE
Mención de serie Bibliothéque de L'Institut de droit comparé de Toulouse
650 #7 - PUNTO DE ACCESO ADICIONAL DE MATERIA--TÉRMINO DE MATERIA
Término de materia o nombre geográfico como elemento de entrada Derecho hipotecario-
Subdivisión geográfica España
Fuente del encabezamiento o término
9 (RLIN) 147944
830 0# - PUNTO DE ACCESO ADICIONAL DE SERIE-TÍTULO UNIFORME
Título uniforme Bibliothéque de L'Institut de droit comparé de Toulouse
9 (RLIN) 231974
852 ## - LOCALIZACIÓN
Ubicación ES-MaACL
Número de control de estantería A-1471
Holdings
Estatus retirado Estado de pérdida Estado de daño No para préstamo Biblioteca de origen Biblioteca actual Ubicación en estantería Fecha de adquisición Fuente de adquisición Total de préstamos Signatura topográfica completa Código de barras Visto por última vez Precio de reemplazo Tipo de ítem Koha
        Biblioteca del Ateneo de Madrid Biblioteca del Ateneo de Madrid Sala Pecera Planta 1 17/01/2008     A-1471 1095268 23/02/2023 23/02/2023 Libro impreso